| 000 | 00000nam##2200000za#4500 |
| 001 | 9.642329 |
| 003 | CaOODSP |
| 005 | 20240501092931 |
| 007 | cr ||||||||||| |
| 008 | 150407|2009||||xxc|||||o f|0| 0 fre|d |
| 040 | |aCaOODSP|bfre |
| 043 | |an-cn--- |
| 086 | 1 |aPS84-30/2009F-PDF |
| 110 | 2 |aService correctionnel Canada. |
| 245 | 10|aRapport d'évaluation - Agents de développement auprès de la collectivité autochtone / |h[ressource électronique]|c[par] Direction de l'évaluation, Secteur des politiques. |
| 260 | |aOttawa - Ontario : |bService correctionnel Canada |cDécembre 2009. |
| 300 | |a93p.|bfigures, références, tableaux |
| 590 | |a13-18-Supp|b2013-08-01 |
| 691 | 07|aDéveloppement communautaire|2gcpds |
| 691 | 07|aProgramme pour autochtones|2gcpds |
| 775 | 08|tEvaluation report - Aboriginal community development officers / |w(CaOODSP)9.698316 |
| 856 | 40|ahttp://publications.gc.ca|qPDF|s648 Ko|uhttps://publications.gc.ca/collections/collection_2013/scc-csc/PS84-30-2009-fra.pdf |
| 986 | |aDossier n° 394-2-85 |